01088nam a22002657a 450000500170000001000250001702000250004202000260006703500140009303500140010703700090012108200110013010000400014124500560018125000060023726000550024327000880029830000200038630000200040649000280042694200250045499900190047995201610049895201630065920241202164057.0 aENG-142760 EN-142759 c75.00a9789350693781 c105.00a9789350693988 aEN-126292 aEN-126291 bDBAD a230.51 aSri Sathya Sai Sadhana Trust974538 aSathya Sai Speaks/cby Sri Sathya Sai Sadhana Trust a1 aAndhra PradeshbSri Sathya sai Sadhana Trustc2019 bPrasanthi NilayamaAnantapur Districe515134morders@sssbpt.orgk011-287375l287236 a146p.c22cm(pb) a214p.c22cm(pb) aPart 1, Part 2vVol 14 2ddccENh230.51mSAT c207327d207327 00103Part 140708NFICaAVbAVd2024-12-02eDelivery of Books Act Divisiong75.00l0o230.51 SATpEN-126292r2024-12-02 00:00:00t1v75.00w2024-12-02yEN 00103Part 240708NFICaAVbAVd2024-12-02eDelivery of Books Act Divisiong105.00l0o230.51 SATpEN-126291r2024-12-02 00:00:00t1v105.00w2024-12-02yEN